<?xml version="1.0" encoding="UTF-8"?>
<record
    xmlns:xsi="http://www.w3.org/2001/XMLSchema-instance"
    xsi:schemaLocation="http://www.loc.gov/MARC21/slim http://www.loc.gov/standards/marcxml/schema/MARC21slim.xsd"
    xmlns="http://www.loc.gov/MARC21/slim">

  <leader>00584nam a22001577a 4500</leader>
  <controlfield tag="005">20250114094506.0</controlfield>
  <controlfield tag="008">250114b        |||||||| |||| 00| 0 eng d</controlfield>
  <datafield tag="040" ind1=" " ind2=" ">
    <subfield code="c">PK-LaUMT</subfield>
  </datafield>
  <datafield tag="082" ind1=" " ind2=" ">
    <subfield code="a">954.0316</subfield>
    <subfield code="b">COR-H</subfield>
  </datafield>
  <datafield tag="100" ind1=" " ind2=" ">
    <subfield code="a">Cornel G. B. Molison = &#x6A9;&#x631;&#x646;&#x644; &#x62C;&#x6CC; &#x628;&#x6CC; &#x645;&#x627;&#x644;&#x6CC;&#x633;&#x646;</subfield>
    <subfield code="9">4206</subfield>
  </datafield>
  <datafield tag="245" ind1=" " ind2=" ">
    <subfield code="a">Hind ke angraiz hukmaran Lord Dalhozi 1848-1856 =  &#x6C1;&#x646;&#x62F; &#x6A9;&#x6D2; &#x627;&#x646;&#x6AF;&#x631;&#x6CC;&#x632; &#x62D;&#x6A9;&#x645;&#x631;&#x627;&#x646; &#x644;&#x627;&#x631;&#x688; &#x688;&#x644;&#x6C1;&#x648;&#x632;&#x6CC;  1848 &#x62A;&#x627; 1856 /</subfield>
    <subfield code="c">by Cornel G. B. Molison = &#x6A9;&#x631;&#x646;&#x644; &#x62C;&#x6CC; &#x628;&#x6CC; &#x645;&#x627;&#x644;&#x6CC;&#x633;&#x646;</subfield>
  </datafield>
  <datafield tag="260" ind1=" " ind2=" ">
    <subfield code="a">Lahore :</subfield>
    <subfield code="b">Takhleeqat,</subfield>
    <subfield code="c">2005</subfield>
  </datafield>
  <datafield tag="300" ind1=" " ind2=" ">
    <subfield code="a">190 p.</subfield>
  </datafield>
  <datafield tag="546" ind1=" " ind2=" ">
    <subfield code="a">Urdu</subfield>
  </datafield>
  <datafield tag="942" ind1=" " ind2=" ">
    <subfield code="c">BK</subfield>
  </datafield>
  <datafield tag="999" ind1=" " ind2=" ">
    <subfield code="c">136663</subfield>
    <subfield code="d">136663</subfield>
  </datafield>
  <datafield tag="952" ind1=" " ind2=" ">
    <subfield code="0">0</subfield>
    <subfield code="1">0</subfield>
    <subfield code="4">0</subfield>
    <subfield code="7">0</subfield>
    <subfield code="a">01</subfield>
    <subfield code="b">01</subfield>
    <subfield code="d">2025-01-14</subfield>
    <subfield code="l">0</subfield>
    <subfield code="o">954.0316 COR-H</subfield>
    <subfield code="p">148483</subfield>
    <subfield code="r">2025-01-14 09:45:17</subfield>
    <subfield code="w">2025-01-14</subfield>
    <subfield code="y">BK</subfield>
  </datafield>
</record>
